000 02535cam a2200361 4500500
005 20260111142258.0
041 _afre
042 _adc
100 1 0 _aAlfano, Eleonora
_eauthor
245 0 0 _aNi Dieu ni maître
260 _c2021.
500 _a39
520 _aCet article tente de mettre en lumière le pivot du système de la nature de Dom Deschamps, à savoir le rapport de corrélation entre sa métaphysique matérialiste et sa morale communiste. En ce sens, il convient de se pencher sur les lectures de sa métaphysique en Italie, car on y retrouve une même tendance à déduire le communisme de l’ état de mœurs, conformément à la systématicité deschampsienne, du binôme antinomique entre Le Tout (l’être de l’univers) et Tout (l’infini). Or, bien qu’en ligne avec les principes du vrai système, cette tendance historiographique n’a néanmoins pas donné les mêmes résultats. En effet, l’analyse des premières lectures de F. d’Amato, C. Vasoli et F. Venturi révèle qu’une telle déduction peut avoir différentes conséquences possibles.
520 _aThis article attempts to shed light on the pivot of Dom Deschamps’s system of nature, that is the correlation between its materialist metaphysics and his Communist morals. To do this, Italian readings of his metaphysics will be examined because one finds there the same tendency to de-duce Communist principles from the état de mœurs, as is outlined in Dom Deschamps’s phi-losophy – that is the antinomical duality between the be-all and end-all, Le Tout (the being of the universe) and Tout (infinity). While aligned with the principles of the True System (Vrai sys-tème), such a historiographical trend did not, however, produce the same results. Indeed the analysis of the first readings by F. d’Amato, C. Vasoli and F. Venturi reveal that such a deduc-tion can have different possible consequences.
690 _aanarchie
690 _aathéisme
690 _acommunisme
690 _aDom Deschamps
690 _amatérialisme
690 _amétaphysique
690 _aNature
690 _autopie
690 _aanarchy
690 _aatheism
690 _acommunism
690 _aDom Deschamps
690 _amaterialism
690 _ametaphysics
690 _aNature
690 _autopia
786 0 _nDix-huitième siècle | 53 | 1 | 2021-06-28 | p. 321-339 | 0070-6760
856 4 1 _uhttps://shs.cairn.info/revue-dix-huitieme-siecle-2021-1-page-321?lang=fr&redirect-ssocas=7080
999 _c1635873
_d1635873